| 000 | 00462nam a2200181Ia 4500 | ||
|---|---|---|---|
| 001 | 16028 | ||
| 005 | 20260306170239.0 | ||
| 008 | 260306t2020||||xx |||||||||||||| ||und|| | ||
| 041 | _aESP | ||
| 082 |
_a346.52 _bJ55 |
||
| 100 |
_aJiménez Vargas-Machuca, Roxana _eAUT |
||
| 245 | 0 | _aLa responsabilidad civil y el daño extrapatrimonial | |
| 260 | _c2020 | ||
| 300 |
_a910 páginas : _c25 cm. |
||
| 650 | _aGEN | ||
| 654 | _aCDE | ||
| 942 |
_cLIB _dJUS _fJUS _2ddc _n |
||
| 999 |
_c16028 _d16028 |
||